[Event "SR 3. liga A2 2007/2008"]
[Site "?"]
[Date "2008.01.13"]
[Round "6"]
[White "Horak, Ivan"]
[Black "Ambros, Rafael"]
[Result "1-0"]
[WhiteElo "2140"]
[BlackElo "2104"]
[PlyCount "103"]
[EventDate "2007.??.??"]

1. e4 c5 2. Nc3 d6 3. f4 Nc6 4. Nf3 g6 5. g3 Bg7 6. Bg2 e6 7. O-O Nge7 8. d3
O-O 9. Ne2 Rb8 10. a4 b6 11. g4 Bb7 12. c3 f5 13. h3 d5 14. e5 Qd7 15. d4 c4
16. g5 Na5 17. h4 Bc6 18. h5 gxh5 19. Ng3 Nb3 20. Ra3 Qe8 21. Be3 a5 22. Nh4
Ng6 23. Qxh5 Bxa4 24. Bf3 Bd7 25. Ng2 Qd8 26. Kf2 Rf7 27. Rh1 Nf8 28. Qh3 Be8
29. Nh5 Rfb7 30. Nf6+ Bxf6 31. exf6 b5 32. Nh4 Ng6 33. Nxf5 exf5 34. Qxf5 Bf7
35. Qh3 Nf8 36. f5 Be8 37. Bf4 Rc8 38. Qg2 Rd7 39. Be5 Nd2 40. Raa1 Nxf3 41.
Kxf3 Ng6 42. Bg3 Nf8 43. Rh6 Ra7 44. Rah1 Qd7 45. Qh3 b4 46. Qg4 Ng6 47. Rxh7
Bf7 48. Rg7+ Kf8 49. Rxg6 Bxg6 50. Rh8+ Kf7 51. fxg6+ Kxg6 52. Rh6+ 1-0

[Event "SR 3. liga A2 2007/2008"]
[Site "?"]
[Date "2008.01.13"]
[Round "6"]
[White "Pribila, Gerhard"]
[Black "Kovarik, Oto"]
[Result "1/2-1/2"]
[WhiteElo "2026"]
[BlackElo "2054"]
[PlyCount "33"]
[EventDate "2007.??.??"]

1. e4 c5 2. Nf3 d6 3. d4 cxd4 4. Nxd4 Nf6 5. Nc3 e6 6. Bd3 Nc6 7. Nxc6 bxc6 8.
O-O Be7 9. b3 O-O 10. Bb2 e5 11. Ne2 Qc7 12. c4 Bb7 13. Nc3 Rad8 14. Qe2 Bc8
15. h3 Nd7 16. Rad1 Nc5 17. Bb1 1/2-1/2

[Event "SR 3. liga A2 2007/2008"]
[Site "?"]
[Date "2008.01.13"]
[Round "6"]
[White "Sefcik, Marek"]
[Black "Pribila, Michal"]
[Result "0-1"]
[WhiteElo "1955"]
[BlackElo "2067"]
[PlyCount "90"]
[EventDate "2007.??.??"]

1. Nc3 c5 2. Ne4 e6 3. Ng3 Nc6 4. e4 d5 5. Nf3 Nf6 6. e5 Nd7 7. Bb5 Qc7 8. Bxc6
bxc6 9. Qe2 a5 10. d3 Ba6 11. c3 h5 12. h4 c4 13. d4 c5 14. Qc2 Rb8 15. Ne2
cxd4 16. cxd4 Bb4+ 17. Nc3 Nf8 18. O-O Ng6 19. Bg5 Ne7 20. a3 Bxc3 21. bxc3 Rb3
22. Nd2 a4 23. Rfb1 Nc6 24. Nf1 g6 25. Bd2 O-O 26. Qc1 Rfb8 27. Ne3 Qe7 28. g3
Rxb1 29. Rxb1 Rb3 30. Nc2 Na7 31. Nb4 Bb7 32. Ra1 Nb5 33. Bg5 $11 Qf8 34. Bh6
Qd8 35. Bg5 Qe8 36. Bd2 Kh7 37. Kg2 Qf8 38. f4 f6 39. Kh3 fxe5 40. fxe5 Qf5+
41. Kg2 Qe4+ 42. Kf2 Nxd4 43. cxd4 Rf3+ 44. Kg2 Qe2+ 45. Kh3 Rf2 0-1

[Event "SR 3. liga A2 2007/2008"]
[Site "?"]
[Date "2008.01.13"]
[Round "6"]
[White "Kocak, Branislav"]
[Black "Jozefovic, Milan"]
[Result "0-1"]
[WhiteElo "1855"]
[BlackElo "1932"]
[PlyCount "94"]
[EventDate "2007.??.??"]

1. e4 e5 2. Nf3 d6 3. d4 exd4 4. Nxd4 Nf6 5. Nc3 Be7 6. Bc4 O-O 7. Bb3 Nc6 8.
Nxc6 bxc6 9. O-O Be6 10. Re1 Nd7 11. Be3 Nb6 12. Qd3 a5 13. Na4 Nd7 14. f4 Bxb3
15. axb3 Bf6 16. Rad1 Be7 17. Kh1 Kh8 18. Bd4 f6 19. g4 Qe8 20. Qf3 c5 21. Be3
Rf7 22. Nc3 c6 23. Qg2 g5 24. Rf1 gxf4 25. Bxf4 Ne5 26. Bxe5 fxe5 27. Rxf7 Qxf7
28. Rf1 Qg7 29. Rf5 Rg8 30. h3 Qh6 31. Ne2 Qd2 32. Ng3 Qc1+ 33. Rf1 Qxb2 34.
Nf5 Bg5 35. Nxd6 Bf4 36. Rd1 Qc3 37. h4 h6 38. g5 Kh7 39. Nf7 h5 40. Nh6 Rg7
41. Nf5 Rg6 42. Rd3 Qe1+ 43. Qg1 Qxe4+ 44. Qg2 Qxf5 45. Rd8 e4 46. Qe2 Qh3+ 47.
Kg1 Be3+ 0-1

[Event "SR 3. liga A2 2007/2008"]
[Site "?"]
[Date "2008.01.13"]
[Round "6"]
[White "Bilovsky, Milan"]
[Black "Vach, Jozef"]
[Result "1-0"]
[WhiteElo "1872"]
[BlackElo "1944"]
[PlyCount "75"]
[EventDate "2007.??.??"]

1. e4 e5 2. Nf3 Nc6 3. Bb5 a6 4. Ba4 Nf6 5. O-O Be7 6. Re1 b5 7. Bb3 d6 8. c3
Na5 9. Bc2 c5 10. d4 Qc7 11. h3 O-O 12. Nbd2 Bd7 13. Nf1 Rac8 14. d5 Nc4 15. b3
Nb6 16. Be3 h6 17. Qd2 Kh7 18. Ng3 Rg8 19. Nh4 g5 20. Nhf5 Bf8 21. h4 Ng4 22.
hxg5 Nxe3 23. Qxe3 Rxg5 24. f4 exf4 25. Qxf4 Bxf5 26. Nxf5 Nd7 27. Nxd6 Bxd6
28. e5+ Kg8 29. exd6 Qb7 30. Re7 Rf8 31. Rf1 f5 32. c4 bxc4 33. Qxc4 Qc8 34.
Qh4 Rf6 35. Bxf5 Rgxf5 36. Rxf5 Rxf5 37. Qxh6 Rf7 38. Qg6+ 1-0

[Event "SR 3. liga A2 2007/2008"]
[Site "?"]
[Date "2008.01.13"]
[Round "6"]
[White "Brunovsky, Peter"]
[Black "Hrubos, Milan"]
[Result "1/2-1/2"]
[WhiteElo "1687"]
[BlackElo "1726"]
[PlyCount "96"]
[EventDate "2007.??.??"]

1. c4 e5 2. Nc3 b6 3. e4 Bb7 4. g3 Nf6 5. Bg2 Nc6 6. Nge2 Be7 7. O-O O-O 8. d3
Rc8 9. h3 h6 10. Be3 d6 11. Qd2 Nb8 12. f4 exf4 13. gxf4 Nbd7 14. Kh2 Nh5 15.
Bf3 Nhf6 16. Rg1 Kh7 17. Nd4 Ne8 18. Rg2 c5 19. Nf5 g6 20. Nxe7 Qxe7 21. Rag1
Rg8 22. f5 Ne5 23. Be2 Qf8 24. Bg4 Nxg4+ 25. hxg4 g5 26. Ne2 Nf6 27. Qc3 Nd7
28. Kh1 Qg7 29. Bd2 Qxc3 30. Bxc3 f6 31. Ng3 Kg7 32. Nh5+ Kf7 33. Rg3 b5 34. b3
b4 35. Bb2 a5 36. Ra1 Ra8 37. a4 bxa3 38. Rxa3 Bc6 39. Rg1 a4 40. bxa4 Rgb8 41.
Bc3 Rxa4 42. Rxa4 Bxa4 43. Ra1 Ra8 44. Kg2 Bc6 45. Rxa8 Bxa8 46. Kf2 Bc6 47.
Ke3 Ba4 48. Kd2 Bb3 1/2-1/2

[Event "SR 3. liga A2 2007/2008"]
[Site "?"]
[Date "2008.01.13"]
[Round "6"]
[White "Husek, Lubomir"]
[Black "Zajicek, Ferdinand"]
[Result "0-1"]
[WhiteElo "1600"]
[BlackElo "1798"]
[PlyCount "82"]
[EventDate "2007.??.??"]

1. d4 c5 2. Nf3 cxd4 3. Qxd4 Nc6 4. Qd1 Nf6 5. Nc3 d5 6. Bf4 d4 7. Nb1 e5 8.
Bg3 Qb6 9. b3 Bb4+ 10. Nfd2 e4 11. a3 Bxd2+ 12. Nxd2 O-O 13. Nc4 Qd8 14. e3 b5
15. Nd2 a6 16. Be2 Qb6 17. exd4 Nxd4 18. O-O Re8 19. Bf4 Nf5 20. c4 Bb7 21. b4
Rad8 22. c5 Qe6 23. Qb3 Nd5 24. Bg5 f6 25. Be3 Ndxe3 26. fxe3 Rxd2 27. Qxe6+
Rxe6 28. Bg4 g6 29. Rac1 Bc6 30. Rc3 Re5 31. Bd1 Kg7 32. g3 Red5 33. Bc2 Rxc2
34. Rxc2 Nxe3 35. Re2 Nxf1 36. Kxf1 f5 37. Kf2 Rd3 38. Re3 Rxe3 39. Kxe3 Kf6
40. Kd4 g5 41. Ke3 Ke5 0-1

[Event "SR 3. liga A2 2007/2008"]
[Site "?"]
[Date "2008.01.13"]
[Round "6"]
[White "Kastler, Peter"]
[Black "Zlamal, Marek"]
[Result "1-0"]
[WhiteElo "1679"]
[BlackElo "1600"]
[PlyCount "89"]
[EventDate "2007.??.??"]

1. d4 e6 2. c4 c5 3. Nf3 cxd4 4. Nxd4 Nf6 5. Nc3 Bb4 6. Bd2 d5 7. Qa4+ Nc6 8.
Nxc6 bxc6 9. Qxb4 Ng4 10. cxd5 e5 11. f3 a5 12. Qb3 Nf6 13. e4 cxd5 14. Nxd5
Nxe4 15. fxe4 Qh4+ 16. Qg3 Qxe4+ 17. Ne3 Bb7 18. Be2 Rd8 19. Rd1 f5 20. Qxg7
Rxd2 21. Qxh8+ Ke7 22. Qg7+ Ke6 23. Bc4+ Bd5 24. Qh6+ Ke7 25. Rxd2 f4 26. Qg7+
Ke8 27. Bb5+ Bc6 28. Bxc6+ Qxc6 29. Qd7+ Qxd7 30. Rxd7 Kxd7 31. Nc4 Ke6 32.
Nxa5 Kd5 33. Ke2 h5 34. Rd1+ Ke4 35. Nc6 h4 36. Nxe5 Kxe5 37. Kf3 Ke6 38. Kxf4
Ke7 39. Kf5 Kf8 40. Rd7 Ke8 41. Rh7 Kf8 42. Kf6 Ke8 43. Ke6 Kf8 44. Ra7 Kg8 45.
Kf6 1-0

[Event "SR 3. liga A2 2007/2008"]
[Site "?"]
[Date "2008.01.12"]
[Round "6"]
[White "Hudacek, Josef"]
[Black "Sebesta, Radovan"]
[Result "1-0"]
[WhiteElo "2081"]
[BlackElo "2118"]
[PlyCount "51"]
[EventDate "2007.??.??"]

1. e4 c5 2. Ne2 Nc6 3. Nbc3 g6 4. g3 Bg7 5. Bg2 d6 6. O-O Nf6 7. d3 O-O 8. f4
Rb8 9. h3 Bd7 10. a4 e6 11. g4 Nd4 12. Ng3 Bc6 13. Nb1 Bd7 14. c3 Nc6 15. Nd2
a6 16. f5 h6 17. Nf3 exf5 18. exf5 g5 19. Qc2 Re8 20. Bd2 Qc7 21. Be1 Nd5 22.
Bf2 Ne3 23. Bxe3 Rxe3 24. Ne4 Be5 25. Nxe5 Nxe5 26. Nf6+ 1-0

[Event "SR 3. liga A2 2007/2008"]
[Site "?"]
[Date "2008.01.12"]
[Round "6"]
[White "Vach, Pavol"]
[Black "Strakac, Petr"]
[Result "1-0"]
[WhiteElo "2104"]
[BlackElo "2029"]
[PlyCount "125"]
[EventDate "2007.??.??"]

1. d4 d5 2. c4 c6 3. Nc3 Nf6 4. Nf3 dxc4 5. a4 Bd7 6. e4 b5 7. axb5 cxb5 8. e5
Ng8 9. Ng5 Nc6 10. Qf3 Nh6 11. Nxb5 e6 12. Ne4 Bb4+ 13. Nec3 Nf5 14. Bxc4 a6
15. Nd6+ Nxd6 16. exd6 Nxd4 17. Qe4 Nf5 18. Bf4 Bxd6 19. Rxa6 Rxa6 20. Bxa6
Bxf4 21. Qxf4 Qb6 22. Qc4 Qxb2 23. O-O O-O 24. Rd1 Be8 25. h3 Qa3 26. Rd8 Qc1+
27. Kh2 Qg5 28. Ra8 Qe7 29. Qf4 Qd6 30. Qxd6 Nxd6 31. Bd3 Bc6 32. Bxh7+ Kxh7
33. Rxf8 g6 34. Rb8 Ne4 35. Nxe4 Bxe4 36. f3 Bd5 37. Kg3 Kg7 38. Rb2 g5 39. h4
gxh4+ 40. Kxh4 Kf6 41. Kg3 Kg5 42. Kf2 f5 43. Rb8 Kf4 44. g3+ Ke5 45. Ke3 Kf6
46. f4 Bc4 47. Kd4 Be2 48. Rf8+ Ke7 49. Rh8 Kd6 50. Rh2 Bf3 51. Ra2 Bb7 52. Rb2
Bd5 53. Rb6+ Ke7 54. Ke5 Kf7 55. Rd6 Ba2 56. Rd7+ Kg6 57. Re7 Bb1 58. Rxe6+ Kh5
59. Rf6 Kg4 60. Rg6+ Kf3 61. Rg5 Bc2 62. Rxf5 Kxg3 63. Rg5+ 1-0

[Event "SR 3. liga A2 2007/2008"]
[Site "?"]
[Date "2008.01.12"]
[Round "6"]
[White "Kubis, Ivan"]
[Black "Palka, Miroslav"]
[Result "1-0"]
[WhiteElo "2018"]
[BlackElo "2045"]
[PlyCount "83"]
[EventDate "2007.??.??"]

1. e4 c5 2. Nf3 d6 3. d4 cxd4 4. Nxd4 Nf6 5. Nc3 g6 6. Be3 Bg7 7. f3 O-O 8. Qd2
Nc6 9. Bc4 Bd7 10. O-O-O Ne5 11. Bb3 Qa5 12. Kb1 Rfc8 13. h4 Nc4 14. Bxc4 Rxc4
15. Nb3 Qa6 16. h5 Rac8 17. hxg6 hxg6 18. Bd4 Be6 19. Rc1 b5 20. Nd5 Bxd5 21.
exd5 Qb7 22. Bxf6 Bxf6 23. Na5 Qb6 24. Nxc4 bxc4 25. c3 a5 26. g4 Rb8 27. f4 a4
28. a3 Qa5 29. Ka2 Rb5 30. Rcd1 Rb3 31. Rh3 Rb7 32. Qc2 Qb5 33. Rd2 Qd7 34. f5
g5 35. Rdh2 Qb5 36. Rd2 Rb6 37. Rh6 Rb7 38. Rdh2 Rb6 39. R2h3 Rb8 40. R3h5 Qxd5
41. Rxf6 exf6 42. Qh2 1-0

[Event "SR 3. liga A2 2007/2008"]
[Site "?"]
[Date "2008.01.12"]
[Round "6"]
[White "Skapikova, Lubica"]
[Black "Londin, Martin"]
[Result "0-1"]
[WhiteElo "1988"]
[BlackElo "1985"]
[PlyCount "90"]
[EventDate "2007.??.??"]

1. e4 e5 2. Nf3 Nc6 3. Bb5 a6 4. Ba4 Nf6 5. O-O d6 6. d4 b5 7. Bb3 Nxd4 8. Nxd4
exd4 9. Bd5 Nxd5 10. exd5 Qf6 11. Re1+ Be7 12. Qe2 Qe5 13. Qxe5 dxe5 14. Rxe5
Kd7 15. Bf4 Bf6 16. Re4 Bb7 17. Be5 Bxd5 18. Rxd4 Bxe5 19. Rxd5+ Ke6 20. Rxe5+
Kxe5 21. Nc3 Rhe8 22. f4+ Kf5 23. Nd5 Rad8 24. Rd1 c6 25. Ne7+ Kxf4 26. Rf1+
Ke3 27. Nxc6 Rc8 28. Nb4 Kd2 29. Rxf7 a5 30. Rd7+ Kc1 31. Nd3+ Kxc2 32. Kf2
Rf8+ 33. Kg1 Rcd8 34. Ne1+ Kxb2 35. Rxg7 Rd1 36. Re7 Kxa2 37. h4 b4 38. Re2+
Ka3 39. Kh2 Rxe1 40. Rxe1 b3 41. g4 b2 42. Kg3 Ka2 43. Re2 a4 44. g5 Ka1 45.
Re4 a3 0-1

[Event "SR 3. liga A2 2007/2008"]
[Site "?"]
[Date "2008.01.12"]
[Round "6"]
[White "Vogl, Zdenek"]
[Black "Zisek, Jaroslav"]
[Result "0-1"]
[WhiteElo "1883"]
[BlackElo "1922"]
[PlyCount "98"]
[EventDate "2007.??.??"]

1. e4 c5 2. Nf3 d6 3. d4 cxd4 4. Nxd4 Nf6 5. Nc3 a6 6. Bg5 e6 7. f4 Be7 8. Be2
Bd7 9. O-O Nc6 10. Kh1 Rc8 11. Qd2 O-O 12. Rad1 Qc7 13. Nf3 Rfd8 14. Bd3 Be8
15. Ne2 d5 16. e5 Ne4 17. Qe1 Nxg5 18. fxg5 Nxe5 19. Nxe5 Qxe5 20. Rf3 Bxg5 21.
Rh3 g6 22. Qf2 Qg7 23. c3 e5 24. Rf1 Bd7 25. Rf3 f5 26. Bc2 Bc6 27. Qg3 Be7 28.
Qh3 Bd7 29. Rd3 f4 30. g4 Bb5 31. Rd2 Bc5 32. Bb3 Bc6 33. Ng1 Kh8 34. Nf3 Be3
35. Rdd1 b5 36. Qh4 Rd7 37. h3 h6 38. Kh2 g5 39. Qe1 Rcd8 40. Qe2 d4 41. cxd4
exd4 42. Qd3 Re8 43. Qf5 Be4 44. Qc5 d3 45. Qb4 Qxb2+ 46. Nd2 f3 47. Kh1 Bxd2
48. Rf2 Bxb4 49. Rxb2 f2+ 0-1

[Event "SR 3. liga A2 2007/2008"]
[Site "?"]
[Date "2008.01.12"]
[Round "6"]
[White "Palka, Martin"]
[Black "Vepy, Ivan"]
[Result "1-0"]
[WhiteElo "1912"]
[BlackElo "1973"]
[PlyCount "91"]
[EventDate "2007.??.??"]

1. e4 e5 2. Nf3 d6 3. d4 exd4 4. Nxd4 Nf6 5. Nc3 Be7 6. f3 O-O 7. Be3 a6 8. Qd2
b5 9. O-O-O c5 10. Nf5 Bxf5 11. exf5 Qa5 12. Kb1 Nc6 13. Nd5 Nxd5 14. Qxa5 Nxa5
15. Rxd5 Rac8 16. Bd3 c4 17. Be4 Nc6 18. Bf4 Nb4 19. Rdd1 Rfd8 20. a3 Nc6 21.
c3 a5 22. Bxc6 Rxc6 23. Rd5 Rb8 24. Kc2 Rcb6 25. Rhd1 Rd8 26. Be3 Rb7 27. Bc5
Kf8 28. Bxd6 Rbd7 29. Bxe7+ Kxe7 30. Rxd7+ Rxd7 31. Rxd7+ Kxd7 32. Kd2 Kd6 33.
Ke3 Ke5 34. g4 Kd5 35. f4 Kc5 36. h4 b4 37. axb4+ axb4 38. cxb4+ Kxb4 39. Kd4
Kb3 40. Kc5 Kxb2 41. Kxc4 Kc2 42. g5 g6 43. Kd4 Kd2 44. Ke5 Ke3 45. fxg6 fxg6
46. f5 1-0

[Event "SR 3. liga A2 2007/2008"]
[Site "?"]
[Date "2008.01.12"]
[Round "6"]
[White "Hrubsa, Marian"]
[Black "Fidericky, Milan"]
[Result "0-1"]
[WhiteElo "1719"]
[BlackElo "1883"]
[PlyCount "88"]
[EventDate "2007.??.??"]

1. e4 c6 2. d4 d5 3. Nc3 dxe4 4. Nxe4 Nf6 5. Ng3 g6 6. Bc4 Bg7 7. Nf3 O-O 8.
O-O Bg4 9. c3 Nbd7 10. h3 Bxf3 11. Qxf3 e6 12. Bf4 Nb6 13. Bb3 Nbd5 14. Be5 Nd7
15. Bd6 Re8 16. Rfe1 N7b6 17. Bc5 Nf6 18. Ne4 Nxe4 19. Rxe4 Nd5 20. Rae1 Qd7
21. Qe2 b6 22. Ba3 Bf8 23. Bxf8 Kxf8 24. Rh4 Kg7 25. Qd2 f6 26. Bc2 f5 27. Qg5
Qe7 28. Qh6+ Kg8 29. c4 Nc7 30. Re3 Qg7 31. Qg5 Rad8 32. Ra3 a5 33. Rb3 b5 34.
Rc3 Rxd4 35. Rxd4 Qxd4 36. Rd3 Qg7 37. Rd6 bxc4 38. Rxc6 Nd5 39. Rxc4 Qxb2 40.
Bb3 Nc3 41. Rc7 Ne4 42. Qh6 Qxf2+ 43. Kh1 Qe1+ 44. Kh2 Qg3+ 0-1

[Event "SR 3. liga A2 2007/2008"]
[Site "?"]
[Date "2008.01.12"]
[Round "6"]
[White "Havlicek, Peter"]
[Black "Harasta, Juraj"]
[Result "1-0"]
[WhiteElo "1688"]
[BlackElo "1649"]
[PlyCount "67"]
[EventDate "2007.??.??"]

1. e4 e5 2. Nf3 Nc6 3. Bc4 Bc5 4. O-O Nf6 5. Nc3 O-O 6. d3 Na5 7. Bb3 d6 8. Bg5
h6 9. Bh4 c6 10. h3 Qe7 11. Ne2 Nxb3 12. axb3 b5 13. c4 b4 14. d4 Bb6 15. Qd3
Bb7 16. Bxf6 Qxf6 17. d5 cxd5 18. exd5 Rfe8 19. Ng3 Bc8 20. Ne4 Qg6 21. Nh4 Qh5
22. Qg3 g5 23. Nf6+ Kh8 24. Nxh5 f5 25. Nf3 f4 26. Qh2 Rg8 27. Nf6 Rg6 28. Ne4
Bf5 29. Rfe1 Rag8 30. g4 fxg3 31. Qxg3 Bxh3 32. Nxe5 dxe5 33. Qxh3 g4 34. Qg3
1-0

[Event "SR 3. liga A2 2007/2008"]
[Site "?"]
[Date "2008.01.27"]
[Round "7"]
[White "Meszaros, Lorant"]
[Black "Farkas, Gabor"]
[Result "1-0"]
[WhiteElo "2103"]
[BlackElo "2333"]
[PlyCount "97"]
[EventDate "2007.??.??"]

1. Nf3 g6 2. g3 d5 3. Bg2 Bg7 4. d3 Bg4 5. h3 Bf5 6. O-O Qd7 7. Kh2 Nc6 8. c3
Nf6 9. b4 a6 10. Bb2 O-O 11. Nbd2 e5 12. g4 Be6 13. Ng5 Bxg4 14. hxg4 Nxg4+ 15.
Kg1 Qe7 16. Nh3 e4 17. dxe4 Qd6 18. Nf3 Nce5 19. Nxe5 Qxe5 20. f4 Qe7 21. Qd3
dxe4 22. Qxe4 Qxe4 23. Bxe4 Ne3 24. Rf3 Nc4 25. Bc1 c6 26. Rb1 Nd6 27. Bc2 Rfe8
28. Kf2 Nb5 29. Bb2 Rad8 30. Rd1 Nd6 31. Rfd3 Ne4+ 32. Kf3 Rxd3+ 33. Rxd3 h5
34. Bb3 Re7 35. Nf2 Nxf2 36. Kxf2 Kh7 37. Bc1 f6 38. Bc2 Bh6 39. Rg3 f5 40. Rd3
Bg7 41. Bd2 Bf6 42. Be3 Kh6 43. Bc5 Re8 44. Bd4 Bd8 45. Be5 h4 46. Rd7 b6 47.
Kf3 c5 48. Bg7+ Kh5 49. Bf6 1-0

[Event "SR 3. liga A2 2007/2008"]
[Site "?"]
[Date "2008.01.27"]
[Round "7"]
[White "Ress, Tamas"]
[Black "Szitasi, Janos"]
[Result "1-0"]
[WhiteElo "2139"]
[BlackElo "1987"]
[PlyCount "95"]
[EventDate "2007.??.??"]

1. d4 d5 2. Nf3 Nf6 3. c4 e6 4. Nc3 Be7 5. Bg5 Nbd7 6. e3 h6 7. Bf4 c6 8. c5
Nh5 9. Be5 Nxe5 10. Nxe5 Nf6 11. f4 Qa5 12. Qd2 O-O 13. Be2 Nd7 14. Nd3 b5 15.
O-O f5 16. a4 bxa4 17. Rxa4 Qc7 18. Rfa1 g5 19. b4 Qb8 20. Qb2 a6 21. b5 cxb5
22. Nxb5 gxf4 23. exf4 Nxc5 24. dxc5 Bd7 25. Nd6 Qxb2 26. Nxb2 Bxa4 27. Nxa4
Bxd6 28. cxd6 Rfd8 29. d7 Kf7 30. Nb6 Ra7 31. Rxa6 Rxa6 32. Bxa6 Ke7 33. Bc8
Kd6 34. Kf2 Kc5 35. Na4+ Kb4 36. Nb2 Kc3 37. Nd1+ Kd3 38. g3 d4 39. Ke1 h5 40.
Ba6+ Kc2 41. Bb5 Kb3 42. Kd2 Kb4 43. Bc6 Kc5 44. Ba4 Kb4 45. Nb2 Ka3 46. Kc2
d3+ 47. Kc3 d2 48. Bc6 1-0

[Event "SR 3. liga A2 2007/2008"]
[Site "?"]
[Date "2008.01.27"]
[Round "7"]
[White "Ollos, Ladislav"]
[Black "Ivan, Imrich ml"]
[Result "0-1"]
[WhiteElo "1995"]
[BlackElo "2012"]
[PlyCount "56"]
[EventDate "2007.??.??"]

1. c3 d5 2. Nf3 Nf6 3. d4 Bg4 4. Bf4 e6 5. Nbd2 h6 6. e3 Bd6 7. Bxd6 cxd6 8.
Qc2 O-O 9. h3 Bh5 10. g4 Bg6 11. Bd3 Bxd3 12. Qxd3 Nh7 13. O-O-O Nc6 14. Kb1
Rb8 15. Rdg1 e5 16. dxe5 dxe5 17. Qb5 Qd6 18. e4 dxe4 19. Nxe4 Qg6 20. Qe2 Nf6
21. Nfd2 Nd5 22. g5 h5 23. Ka1 Nf4 24. Qc4 Rfc8 25. Nf6+ Kh8 26. Nd7 Nd4 27.
Nxe5 Nc2+ 28. Kb1 Na3+ 0-1

[Event "SR 3. liga A2 2007/2008"]
[Site "?"]
[Date "2008.01.27"]
[Round "7"]
[White "Csefalvay, Stefan"]
[Black "Arpa, Zoltan"]
[Result "1/2-1/2"]
[WhiteElo "1948"]
[BlackElo "1843"]
[PlyCount "73"]
[EventDate "2007.??.??"]

1. d4 e6 2. c4 d5 3. Nf3 Nf6 4. Bg5 Be7 5. Nc3 O-O 6. e3 c6 7. Bd3 h6 8. Bh4
Nbd7 9. O-O Nh7 10. Bxe7 Qxe7 11. e4 dxe4 12. Nxe4 Nhf6 13. Re1 Nxe4 14. Bxe4
Nf6 15. Qc2 Nxe4 16. Qxe4 Qd6 17. Rad1 Bd7 18. Rd2 Rfe8 19. Red1 Rad8 20. a3
Qc7 21. Qe5 Qb6 22. Qc5 Bc8 23. b4 Qxc5 24. bxc5 Re7 25. Kf1 f6 26. Re1 Kf7 27.
Rde2 g5 28. h3 Rde8 29. d5 exd5 30. Rxe7+ Rxe7 31. Rxe7+ Kxe7 32. cxd5 cxd5 33.
Nd4 Bd7 34. Ke2 f5 35. g3 Kf6 36. f4 h5 37. h4 1/2-1/2

[Event "SR 3. liga A2 2007/2008"]
[Site "?"]
[Date "2008.01.27"]
[Round "7"]
[White "Both, Lajos"]
[Black "Vizvari, Ludovit"]
[Result "0-1"]
[WhiteElo "1951"]
[BlackElo "2050"]
[PlyCount "105"]
[EventDate "2007.??.??"]

1. e4 c5 2. c3 d5 3. exd5 Qxd5 4. d4 e6 5. Nf3 Nc6 6. Be3 cxd4 7. Nxd4 Nxd4 8.
Bxd4 Bd7 9. c4 Qe4+ 10. Be3 Bc5 11. Nd2 Qe5 12. Qb3 Bxe3 13. fxe3 Bc6 14. Nf3
Bxf3 15. gxf3 O-O-O 16. Be2 Ne7 17. f4 Qa5+ 18. Kf2 Rd2 19. Rad1 Rhd8 20. Rxd2
Rxd2 21. Rd1 Rxd1 22. Bxd1 Nf5 23. Be2 h6 24. Qb5 Qxb5 25. cxb5 Kc7 26. a4 b6
27. Bd3 Kd6 28. Kf3 Kc5 29. Be4 Ne7 30. Bc2 Nf5 31. Bd1 Nd6 32. b3 Kb4 33. e4
Kc3 34. Ke3 Nb7 35. e5 Nc5 36. Bf3 Kxb3 37. Bc6 Kc4 38. Be8 f5 39. exf6 gxf6
40. Bf7 f5 41. Kf3 Kd5 42. a5 bxa5 43. Ke3 a4 44. Kd2 a3 45. Kc3 Ke4 46. Kc2
Kxf4 47. Kb1 e5 48. Ka2 Ne4 49. Kxa3 Nd6 50. b6 axb6 51. Bd5 e4 52. Kb4 e3 53.
Bg2 0-1

[Event "SR 3. liga A2 2007/2008"]
[Site "?"]
[Date "2008.01.27"]
[Round "7"]
[White "Csiba, Peter"]
[Black "Bernath, Mikulas"]
[Result "1-0"]
[WhiteElo "1987"]
[BlackElo "1924"]
[PlyCount "77"]
[EventDate "2007.??.??"]

1. e4 c5 2. Nf3 d6 3. d4 cxd4 4. Nxd4 Nf6 5. Nc3 a6 6. Be3 e5 7. Nb3 Be6 8. Qd2
Ng4 9. Rd1 Nc6 10. Be2 Nxe3 11. Qxe3 Be7 12. O-O Qc7 13. Nd5 Bxd5 14. exd5 Nb4
15. c3 Nxa2 16. Ra1 Nxc3 17. bxc3 Rc8 18. c4 O-O 19. Rfb1 Rb8 20. Nd2 f5 21.
Ra3 h6 22. Qb6 Qc8 23. Rab3 e4 24. Nf1 f4 25. Qd4 Qf5 26. Nd2 e3 27. fxe3 fxe3
28. Nf3 Bg5 29. Qd3 Qxd3 30. Rxd3 Bd8 31. Rxe3 b5 32. Kf1 b4 33. Ke1 a5 34. Bd1
Bf6 35. Ba4 Bc3+ 36. Ke2 Rf4 37. Rxc3 Re8+ 38. Bxe8 bxc3 39. Bb5 1-0

[Event "SR 3. liga A2 2007/2008"]
[Site "?"]
[Date "2008.01.27"]
[Round "7"]
[White "Lelkes st, Bela"]
[Black "Vegh, Vince"]
[Result "0-1"]
[WhiteElo "1869"]
[BlackElo "1887"]
[PlyCount "88"]
[EventDate "2007.??.??"]

1. e4 c5 2. f4 Nc6 3. Bc4 e6 4. Nf3 d5 5. exd5 exd5 6. Qe2+ Be7 7. Bb5 Nf6 8.
Ne5 Bd7 9. Nxd7 Qxd7 10. O-O O-O 11. Bxc6 bxc6 12. b3 Rfe8 13. Qf3 Ne4 14. d3
Bf6 15. c3 Nxc3 16. Nxc3 Bxc3 17. Rb1 Re7 18. Bb2 Ba5 19. Qg3 d4 20. f5 f6 21.
Bc1 Rae8 22. Bf4 Re2 23. a3 Bc3 24. Bh6 Kh8 25. Bf4 Qd5 26. b4 cxb4 27. axb4
Ra2 28. Rf2 Rxf2 29. Qxf2 Qxf5 30. Qf3 Rc8 31. g4 Qb5 32. Bd6 a5 33. Qe4 axb4
34. Qe6 Rg8 35. Rf1 Qxd3 36. Kg2 Qe3 37. Rxf6 Qxe6 38. Rxe6 d3 39. Kf3 h6 40.
Bc5 Rc8 41. Rd6 d2 42. Ke2 Re8+ 43. Kd1 Re1+ 44. Kc2 Rc1+ 0-1

[Event "SR 3. liga A2 2007/2008"]
[Site "?"]
[Date "2008.01.27"]
[Round "7"]
[White "Sooky, Ladislav"]
[Black "Lelkes, Geza"]
[Result "1-0"]
[WhiteElo "1484"]
[BlackElo "1795"]
[PlyCount "75"]
[EventDate "2007.??.??"]

1. d4 d5 2. c4 c6 3. e3 Nf6 4. Nc3 e6 5. Nf3 Bb4 6. Bd2 O-O 7. cxd5 exd5 8. h3
a5 9. Bd3 h6 10. Qe2 Kh8 11. O-O Be6 12. Rac1 Nbd7 13. a3 Bd6 14. Rfe1 Qc7 15.
e4 dxe4 16. Nxe4 Nxe4 17. Bxe4 Nf6 18. Bc3 Nxe4 19. Qxe4 Bd5 20. Qg4 f5 21. Qh5
Rf6 22. Ne5 Kh7 23. Bd2 f4 24. Ng4 Rg6 25. Qf5 Rf8 26. Qd3 h5 27. Ne5 Bxe5 28.
Rxe5 Kh6 29. f3 Rg5 30. Rce1 b6 31. Rxg5 Kxg5 32. Re5+ Kh6 33. Qe2 g5 34. Re7
Qd6 35. Qe5 Qg6 36. Kf2 a4 37. h4 Qf5 38. Qg7# 1-0

[Event "SR 3. liga A2 2007/2008"]
[Site "?"]
[Date "2008.01.27"]
[Round "7"]
[White "Janko, Ladislav"]
[Black "Kovacocy, Pavel"]
[Result "1/2-1/2"]
[WhiteElo "2195"]
[BlackElo "2244"]
[PlyCount "29"]
[EventDate "2007.??.??"]

1. e4 c5 2. Nf3 g6 3. d4 cxd4 4. Nxd4 Bg7 5. Nc3 Nc6 6. Be3 Nf6 7. Be2 O-O 8.
Nb3 d6 9. O-O Be6 10. f4 Qc8 11. h3 Rd8 12. Bf3 Nb4 13. a3 Na6 14. Nd4 Bc4 15.
Rf2 1/2-1/2

[Event "SR 3. liga A2 2007/2008"]
[Site "?"]
[Date "2008.01.27"]
[Round "7"]
[White "Cechovic, Stefan"]
[Black "Kantor, Tamas st"]
[Result "1/2-1/2"]
[WhiteElo "2164"]
[BlackElo "2059"]
[PlyCount "124"]
[EventDate "2007.??.??"]

1. Nf3 d5 2. d4 Nf6 3. g3 g6 4. Bg2 Bg7 5. O-O O-O 6. b3 Bf5 7. Bb2 c6 8. c4
Qa5 9. Nh4 Be4 10. f3 Bxb1 11. Qxb1 e6 12. Qc1 dxc4 13. bxc4 Qh5 14. f4 Nbd7
15. e4 Nb6 16. c5 Nbd7 17. Bf3 Qh6 18. Qc4 Nh5 19. Rad1 Nxf4 20. Bc1 g5 21.
gxf4 gxh4 22. f5 Qf6 23. fxe6 Qg6+ 24. Kh1 fxe6 25. Rg1 Qf6 26. Bg4 Rae8 27.
Rdf1 b5 28. Rxf6 bxc4 29. Rxe6 Nf6 30. Bf5 Rxe6 31. Bxe6+ Kh8 32. e5 Ne4 33.
Bxc4 h3 34. Rf1 Rd8 35. Be3 h6 36. Rf3 Ng5 37. Bxg5 Rxd4 38. Rxh3 Rxc4 39. Bxh6
Kh7 40. Bxg7+ Kxg7 41. Ra3 Rxc5 42. Rxa7+ Kf8 43. e6 Re5 44. e7+ Ke8 45. Kg2 c5
46. h4 c4 47. Kf3 Rc5 48. Ke2 Rh5 49. Kd2 Rxh4 50. Kc3 Re4 51. Rc7 Rxe7 52.
Rxc4 Kd8 53. Rh4 Kc8 54. a4 Kb7 55. Kb4 Ka7 56. Rh5 Rb7+ 57. Ka5 Rg7 58. Rd5
Rh7 59. Kb4 Rh6 60. a5 Ka6 61. Rd4 Rg6 62. Re4 Rh6 1/2-1/2

[Event "SR 3. liga A2 2007/2008"]
[Site "?"]
[Date "2008.01.27"]
[Round "7"]
[White "Kantor, Reka"]
[Black "Sarmir, Milos"]
[Result "0-1"]
[WhiteElo "1780"]
[BlackElo "2112"]
[PlyCount "70"]
[EventDate "2007.??.??"]

1. Nf3 Nf6 2. c4 e6 3. g3 d5 4. cxd5 Nxd5 5. Bg2 c6 6. O-O Be7 7. d4 O-O 8. b3
b6 9. Bb2 Bb7 10. Nc3 Nd7 11. e4 Nxc3 12. Bxc3 c5 13. Nd2 cxd4 14. Bxd4 Nc5 15.
Bc3 Qd3 16. Rc1 Rac8 17. Qg4 g6 18. Rfd1 Qb5 19. Nc4 Rfd8 20. Rxd8+ Rxd8 21. h4
Nd3 22. Rd1 Qc6 23. Qf3 Nc5 24. Rxd8+ Bxd8 25. Ne5 Qc7 26. Qf4 f6 27. Ng4 Qxf4
28. gxf4 Kf7 29. f3 Nd3 30. f5 exf5 31. exf5 gxf5 32. Ne3 Ke6 33. Bh3 Nc1 34.
Bxf5+ Kf7 35. Bxh7 Ne2+ 0-1